[Event "Masters Tournament (MTO)"]
[Site "Biel, CH"]
[Date "2025.07.21"]
[Round "7"]
[White "Song, Ethan"]
[Black "Panda, Barnabas"]
[Result "1-0"]
[Board "24"]
[WhiteFideId "62900412"]
[BlackFideId "799556"]
[WhiteTitle "FM"]
[WhiteElo "2288"]
[BlackElo "2123"]
[WhiteTeam "CAN"]
[BlackTeam "HUN"]
[WhiteClock "0:04:53"]
[BlackClock "0:02:05"]
[Variant "Standard"]

1. e4 {[%clk 1:38:41]}  e5 {[%clk 1:40:47]} 2. Nf3 {[%clk 1:39:07]}  Nf6 {[%clk 1:41:09]} 3. Nxe5 {[%clk 1:39:30]}  d6 {[%clk 1:41:31]} 4. Nf3 {[%clk 1:39:57]}  Nxe4 {[%clk 1:41:53]} 5. Nc3 {[%clk 1:40:19]}  Nxc3 {[%clk 1:42:14]} 6. dxc3 {[%clk 1:40:45]}  Be7 {[%clk 1:42:30]} 7. Be3 {[%clk 1:40:51]}  O-O {[%clk 1:42:47]} 8. Qd2 {[%clk 1:39:08]}  Nd7 {[%clk 1:43:08]} 9. O-O-O {[%clk 1:38:45]}  Nf6 {[%clk 1:43:27]} 10. h4 {[%clk 1:34:56]}  c5 {[%clk 1:39:01]} 11. Kb1 {[%clk 1:26:29]}  b5 {[%clk 1:31:46]} 12. Bxb5 {[%clk 1:16:16]}  Be6 {[%clk 1:23:23]} 13. Bd3 {[%clk 1:09:18]}  Rb8 {[%clk 1:07:12]} 14. c4 {[%clk 1:04:12]}  d5 {[%clk 0:48:14]} 15. cxd5 {[%clk 0:48:44]}  Qxd5 {[%clk 1:02:12]} 16. c4 {[%clk 0:47:30]}  Qc6 {[%clk 0:44:32]} 17. Ng5 {[%clk 0:43:53]}  Rb4 {[%clk 0:40:31]} 18. Nxe6 {[%clk 0:43:05]}  Qxe6 {[%clk 0:40:52]} 19. Qc2 {[%clk 0:42:20]}  Rfb8 {[%clk 0:38:32]} 20. Bc1 {[%clk 0:42:27]}  Qc6 {[%clk 0:29:05]} 21. f3 {[%clk 0:41:20]}  R4b6 {[%clk 0:28:37]} 22. g4 {[%clk 0:39:59]}  h5 {[%clk 0:20:59]} 23. g5 {[%clk 0:38:09]}  Nd7 {[%clk 0:20:58]} 24. f4 {[%clk 0:35:18]}  a5 {[%clk 0:16:23]} 25. Qe2 {[%clk 0:33:54]}  Bf8 {[%clk 0:15:30]} 26. Bf5 {[%clk 0:28:32]}  Bd6 {[%clk 0:14:31]} 27. g6 {[%clk 0:26:19]}  Nf6 {[%clk 0:13:59]} 28. gxf7+ {[%clk 0:26:32]}  Kxf7 {[%clk 0:14:20]} 29. Rhg1 {[%clk 0:26:31]}  Kf8 {[%clk 0:08:54]} 30. Qg2 {[%clk 0:20:52]}  Qc7 {[%clk 0:06:18]} 31. Qf3 {[%clk 0:19:03]}  a4 {[%clk 0:05:01]} 32. Rg2 {[%clk 0:18:33]}  Qa7 {[%clk 0:04:20]} 33. Rdg1 {[%clk 0:16:02]}  R8b7 {[%clk 0:01:44]} 34. Qc3 {[%clk 0:16:01]}  Ne8 {[%clk 0:00:48]} 35. Be4 {[%clk 0:15:12]}  Re7 {[%clk 0:00:50]} 36. Bf3 {[%clk 0:14:41]}  a3 {[%clk 0:00:46]} 37. Bxh5 {[%clk 0:14:05]}  axb2 {[%clk 0:00:59]} 38. Bxb2 {[%clk 0:13:05]}  Bxf4 {[%clk 0:01:01]} 39. Rf1 {[%clk 0:12:25]}  Qb8 {[%clk 0:01:16]} 40. Rgf2 {[%clk 0:08:56]}  Nf6 {[%clk 0:00:48]} 41. Rxf4 {[%clk 0:04:20]}  Rxb2+ {[%clk 0:01:09]} 42. Qxb2 {[%clk 0:03:58]}  Rb7 {[%clk 0:01:26]} 43. Rxf6+ {[%clk 0:04:15]}  gxf6 {[%clk 0:01:48]} 44. Rxf6+ {[%clk 0:04:38]}  Kg8 {[%clk 0:01:51]} 45. Bf7+ {[%clk 0:04:33]}  Kh7 {[%clk 0:01:42]} 46. Bg6+ {[%clk 0:04:55]}  Kg8 {[%clk 0:02:05]} 47. Bh7+ {[%clk 0:04:53]} 1-0

[Event "Masters Tournament (MTO)"]
[Site "Biel, CH"]
[Date "2025.07.21"]
[Round "7"]
[White "Haugner, Jan"]
[Black "Schlegel, Igor"]
[Result "0-1"]
[Board "25"]
[WhiteFideId "24655244"]
[BlackFideId "1334956"]
[BlackTitle "FM"]
[WhiteElo "2066"]
[BlackElo "2275"]
[WhiteTeam "GER"]
[BlackTeam "SUI"]
[WhiteClock "0:18:51"]
[BlackClock "0:25:34"]
[Variant "Standard"]

1. e4 {[%clk 1:40:57]}  c5 {[%clk 1:40:54]} 2. Nf3 {[%clk 1:40:48]}  d6 {[%clk 1:40:47]} 3. Bb5+ {[%clk 1:40:40]}  Nc6 {[%clk 1:40:19]} 4. O-O {[%clk 1:41:28]}  Bd7 {[%clk 1:39:49]} 5. Re1 {[%clk 1:41:22]}  a6 {[%clk 1:31:39]} 6. Bxc6 {[%clk 1:33:38]}  Bxc6 {[%clk 1:42:53]} 7. d4 {[%clk 1:34:04]}  cxd4 {[%clk 1:42:17]} 8. Qxd4 {[%clk 1:27:31]}  Nf6 {[%clk 1:41:05]} 9. Bg5 {[%clk 1:26:55]}  e6 {[%clk 1:37:57]} 10. Nc3 {[%clk 1:17:42]}  Be7 {[%clk 1:31:24]} 11. a4 {[%clk 1:07:32]}  O-O {[%clk 1:28:09]} 12. a5 {[%clk 0:59:58]}  Rc8 {[%clk 1:22:48]} 13. Nd2 {[%clk 0:53:21]}  Qc7 {[%clk 0:59:01]} 14. Nb3 {[%clk 0:48:36]}  Rfd8 {[%clk 0:51:00]} 15. f3 {[%clk 0:41:14]}  e5 {[%clk 0:42:27]} 16. Qc4 {[%clk 0:25:08]}  d5 {[%clk 0:38:25]} 17. exd5 {[%clk 0:24:59]}  Nxd5 {[%clk 0:35:28]} 18. Nxd5 {[%clk 0:36:15]}  Rxd5 {[%clk 0:31:15]} 19. Bxe7 {[%clk 0:33:20]}  Qxe7 {[%clk 0:29:41]} 20. Rad1 {[%clk 0:21:34]}  Rxd1 {[%clk 0:25:00]} 21. Rxd1 {[%clk 0:21:23]}  h5 {[%clk 0:20:48]} 22. Re1 {[%clk 0:12:07]}  Qg5 {[%clk 0:05:04]} 23. Qc5 {[%clk 0:10:18]}  f6 {[%clk 0:04:05]} 24. Qe3 {[%clk 0:05:26]}  Qxe3+ {[%clk 0:10:42]} 25. Rxe3 {[%clk 0:05:09]}  Ba4 {[%clk 0:05:38]} 26. Re4 {[%clk 0:01:58]}  Bxb3 {[%clk 0:08:04]} 27. cxb3 {[%clk 0:01:07]}  Rc5 {[%clk 0:02:48]} 28. b4 {[%clk 0:04:56]}  Rc2 {[%clk 0:00:42]} 29. b3 {[%clk 0:03:25]}  Rc3 {[%clk 0:00:16]} 30. Rc4 {[%clk 0:03:24]}  Rxb3 {[%clk 0:02:26]} 31. Kf2 {[%clk 0:02:53]}  Kh7 {[%clk 0:01:53]} 32. Kg3 {[%clk 0:01:21]}  Kg6 {[%clk 0:02:12]} 33. h3 {[%clk 0:01:21]}  Rb2 {[%clk 0:00:37]} 34. h4 {[%clk 0:01:08]}  Kf5 {[%clk 0:00:16]} 35. Rc7 {[%clk 0:01:04]}  Rxb4 {[%clk 0:01:30]} 36. Rxg7 {[%clk 0:00:18]}  Ke6 {[%clk 0:01:17]} 37. Kh3 {[%clk 0:01:38]}  Rb3 {[%clk 0:00:23]} 38. Kh2 {[%clk 0:01:06]}  Rb5 {[%clk 0:00:55]} 39. g4 {[%clk 0:00:22]}  hxg4 {[%clk 0:00:14]} 40. h5 {[%clk 0:30:00]}  gxf3 {[%clk 0:30:35]} 41. h6 {[%clk 0:27:35]}  f2 {[%clk 0:30:01]} 42. Kg2 {[%clk 0:27:14]}  Rxa5 {[%clk 0:29:15]} 43. Kxf2 {[%clk 0:26:02]}  e4 {[%clk 0:27:14]} 44. Rxb7 {[%clk 0:24:42]}  Rh5 {[%clk 0:24:23]} 45. Ke3 {[%clk 0:21:25]}  Kf5 {[%clk 0:23:00]} 46. h7 {[%clk 0:21:05]}  Rh3+ {[%clk 0:22:34]} 47. Ke2 {[%clk 0:20:31]}  Kf4 {[%clk 0:19:47]} 48. Ra7 {[%clk 0:20:20]}  Rh2+ {[%clk 0:19:32]} 49. Ke1 {[%clk 0:19:52]}  f5 {[%clk 0:16:55]} 50. Kf1 {[%clk 0:19:30]}  Kf3 {[%clk 0:16:43]} 51. Kg1 {[%clk 0:19:10]}  Rh6 {[%clk 0:14:57]} 52. Rg7 {[%clk 0:18:51]}  f4 {[%clk 0:25:34]} 0-1

[Event "Masters Tournament (MTO)"]
[Site "Biel, CH"]
[Date "2025.07.21"]
[Round "7"]
[White "Hoffmann, Achim Gunter"]
[Black "Chen, Zhi"]
[Result "0-1"]
[Board "26"]
[WhiteFideId "3203840"]
[BlackFideId "8619549"]
[WhiteElo "2045"]
[BlackElo "2246"]
[WhiteTeam "AUS"]
[BlackTeam "CHN"]
[WhiteClock "0:07:27"]
[BlackClock "0:21:16"]
[Variant "Standard"]

1. e4 {[%clk 1:40:57]}  c5 {[%clk 1:40:51]} 2. Nc3 {[%clk 1:41:21]}  Nc6 {[%clk 1:41:03]} 3. f4 {[%clk 1:41:36]}  g6 {[%clk 1:40:43]} 4. Nf3 {[%clk 1:41:37]}  Bg7 {[%clk 1:40:57]} 5. g3 {[%clk 1:41:39]}  d6 {[%clk 1:41:01]} 6. Bg2 {[%clk 1:41:35]}  Rb8 {[%clk 1:40:43]} 7. O-O {[%clk 1:34:56]}  b5 {[%clk 1:35:11]} 8. a3 {[%clk 1:21:08]}  e6 {[%clk 1:27:43]} 9. Ne2 {[%clk 1:16:14]}  Qb6 {[%clk 1:23:25]} 10. Kh1 {[%clk 1:21:37]}  Nge7 {[%clk 1:22:28]} 11. d3 {[%clk 1:19:31]}  a5 {[%clk 1:21:15]} 12. c3 {[%clk 1:16:12]}  b4 {[%clk 1:16:00]} 13. axb4 {[%clk 1:11:21]}  axb4 {[%clk 1:19:48]} 14. d4 {[%clk 1:07:35]}  cxd4 {[%clk 1:14:10]} 15. cxd4 {[%clk 1:05:22]}  d5 {[%clk 1:10:57]} 16. e5 {[%clk 1:03:30]}  O-O {[%clk 1:15:15]} 17. Be3 {[%clk 1:01:51]}  Bd7 {[%clk 1:14:51]} 18. Nc1 {[%clk 0:57:22]}  Na5 {[%clk 1:10:37]} 19. b3 {[%clk 0:47:27]}  Rfc8 {[%clk 1:08:58]} 20. Rf2 {[%clk 0:30:57]}  Nf5 {[%clk 0:51:26]} 21. Re2 {[%clk 0:28:25]}  Nxe3 {[%clk 0:57:42]} 22. Rxe3 {[%clk 0:28:54]}  Rc3 {[%clk 0:56:16]} 23. Re2 {[%clk 0:26:38]}  Rbc8 {[%clk 0:53:30]} 24. Rea2 {[%clk 0:24:43]}  Bb5 {[%clk 0:49:59]} 25. Ng1 {[%clk 0:12:29]}  Nb7 {[%clk 0:37:55]} 26. Nge2 {[%clk 0:21:02]}  R3c7 {[%clk 0:38:18]} 27. Qd2 {[%clk 0:16:16]}  Bf8 {[%clk 0:38:11]} 28. g4 {[%clk 0:10:17]}  Nd8 {[%clk 0:34:41]} 29. Nd3 {[%clk 0:13:08]}  Nc6 {[%clk 0:34:40]} 30. Ndc1 {[%clk 0:08:40]}  Kh8 {[%clk 0:25:42]} 31. f5 {[%clk 0:06:43]}  gxf5 {[%clk 0:23:31]} 32. gxf5 {[%clk 0:05:59]}  exf5 {[%clk 0:22:06]} 33. Bxd5 {[%clk 0:12:05]}  Nxd4 {[%clk 0:21:16]} 34. Nxd4 {[%clk 0:09:59]}  Bh6 {[%clk 0:21:39]} 35. Qf2 {[%clk 0:07:53]}  Rxc1+ {[%clk 0:20:40]} 36. Rxc1 {[%clk 0:07:40]}  Rxc1+ {[%clk 0:22:03]} 37. Kg2 {[%clk 0:08:00]}  Bf1+ {[%clk 0:22:20]} 38. Kf3 {[%clk 0:07:27]}  Rc3+ {[%clk 0:21:16]} 0-1

[Event "Masters Tournament (MTO)"]
[Site "Biel, CH"]
[Date "2025.07.21"]
[Round "7"]
[White "Gao, Kai"]
[Black "Chen, Muxi"]
[Result "1/2-1/2"]
[Board "27"]
[WhiteFideId "8607770"]
[BlackFideId "8626073"]
[WhiteElo "1906"]
[BlackElo "2224"]
[WhiteTeam "CHN"]
[BlackTeam "CHN"]
[WhiteClock "0:07:31"]
[BlackClock "0:07:14"]
[Variant "Standard"]

1. e4 {[%clk 1:40:57]}  c5 {[%clk 1:40:50]} 2. Nf3 {[%clk 1:41:17]}  Nc6 {[%clk 1:41:08]} 3. Bb5 {[%clk 1:40:37]}  g6 {[%clk 1:41:23]} 4. O-O {[%clk 1:40:42]}  Bg7 {[%clk 1:41:44]} 5. Re1 {[%clk 1:39:38]}  e5 {[%clk 1:42:02]} 6. Bxc6 {[%clk 1:39:17]}  dxc6 {[%clk 1:42:19]} 7. d3 {[%clk 1:39:12]}  Qe7 {[%clk 1:42:24]} 8. Be3 {[%clk 1:35:19]}  Nf6 {[%clk 1:42:13]} 9. a4 {[%clk 1:33:54]}  O-O {[%clk 1:36:20]} 10. Nc3 {[%clk 1:32:06]}  a5 {[%clk 1:26:54]} 11. h3 {[%clk 1:18:30]}  Ne8 {[%clk 1:25:26]} 12. Qd2 {[%clk 1:13:31]}  Nc7 {[%clk 1:23:58]} 13. Bh6 {[%clk 1:10:43]}  f6 {[%clk 1:23:40]} 14. Bxg7 {[%clk 1:10:17]}  Kxg7 {[%clk 1:19:43]} 15. Nh2 {[%clk 1:08:47]}  Ne6 {[%clk 1:15:25]} 16. Ne2 {[%clk 1:03:21]}  Qd6 {[%clk 1:11:13]} 17. b3 {[%clk 0:53:49]}  Nd4 {[%clk 0:56:05]} 18. Ng4 {[%clk 0:38:05]}  Be6 {[%clk 0:49:09]} 19. Ne3 {[%clk 0:30:24]}  Qc7 {[%clk 0:44:11]} 20. Nc4 {[%clk 0:26:56]}  b5 {[%clk 0:36:21]} 21. Nxd4 {[%clk 0:26:11]}  cxd4 {[%clk 0:36:26]} 22. axb5 {[%clk 0:26:11]}  cxb5 {[%clk 0:36:37]} 23. Nxa5 {[%clk 0:26:28]}  Rfc8 {[%clk 0:35:09]} 24. Rec1 {[%clk 0:25:42]}  Qc3 {[%clk 0:34:18]} 25. Qxc3 {[%clk 0:26:06]}  Rxc3 {[%clk 0:34:43]} 26. Kf1 {[%clk 0:26:19]}  Rac8 {[%clk 0:34:00]} 27. Ra2 {[%clk 0:16:51]}  Rxd3 {[%clk 0:32:22]} 28. cxd3 {[%clk 0:11:34]}  Rxc1+ {[%clk 0:32:46]} 29. Ke2 {[%clk 0:12:03]}  Rb1 {[%clk 0:27:08]} 30. Rc2 {[%clk 0:11:20]}  Bxb3 {[%clk 0:27:09]} 31. Nxb3 {[%clk 0:11:45]}  Rxb3 {[%clk 0:27:34]} 32. Rc7+ {[%clk 0:12:10]}  Kh6 {[%clk 0:22:39]} 33. Rf7 {[%clk 0:12:22]}  Rb2+ {[%clk 0:17:09]} 34. Ke1 {[%clk 0:10:14]}  Rb1+ {[%clk 0:17:33]} 35. Ke2 {[%clk 0:10:37]}  Rb2+ {[%clk 0:18:00]} 36. Ke1 {[%clk 0:10:58]}  Rb1+ {[%clk 0:17:40]} 37. Ke2 {[%clk 0:11:24]}  Rg1 {[%clk 0:11:03]} 38. Rxf6 {[%clk 0:08:40]}  Rxg2 {[%clk 0:09:59]} 39. Rb6 {[%clk 0:08:41]}  Kg5 {[%clk 0:08:24]} 40. Kf3 {[%clk 0:07:15]}  Rh2 {[%clk 0:07:11]} 41. Kg3 {[%clk 0:07:38]}  Rh1 {[%clk 0:07:37]} 42. Rxb5 {[%clk 0:07:31]}  Rd1 {[%clk 0:07:14]} 1/2-1/2

[Event "Masters Tournament (MTO)"]
[Site "Biel, CH"]
[Date "2025.07.21"]
[Round "7"]
[White "Kwiatkowski, Jakub"]
[Black "Vemparala, Nikash"]
[Result "1-0"]
[Board "28"]
[WhiteFideId "1348736"]
[BlackFideId "30960967"]
[BlackTitle "CM"]
[WhiteElo "2034"]
[BlackElo "2187"]
[WhiteTeam "SUI"]
[BlackTeam "USA"]
[WhiteClock "0:26:26"]
[BlackClock "0:14:25"]
[Variant "Standard"]

1. e4 {[%clk 1:40:54]}  e5 {[%clk 1:40:44]} 2. Nf3 {[%clk 1:41:15]}  Nc6 {[%clk 1:41:08]} 3. Bc4 {[%clk 1:41:37]}  Bc5 {[%clk 1:41:31]} 4. c3 {[%clk 1:42:00]}  Nf6 {[%clk 1:41:54]} 5. d4 {[%clk 1:42:23]}  exd4 {[%clk 1:41:56]} 6. e5 {[%clk 1:42:46]}  d5 {[%clk 1:42:22]} 7. Bb5 {[%clk 1:43:08]}  Ne4 {[%clk 1:42:47]} 8. cxd4 {[%clk 1:43:30]}  Bb6 {[%clk 1:43:12]} 9. Nc3 {[%clk 1:43:50]}  O-O {[%clk 1:42:59]} 10. Be3 {[%clk 1:44:13]}  f5 {[%clk 1:43:23]} 11. g3 {[%clk 1:44:24]}  Ne7 {[%clk 1:43:27]} 12. Bd3 {[%clk 1:38:01]}  c6 {[%clk 1:42:11]} 13. Qb3 {[%clk 1:29:48]}  Kh8 {[%clk 1:39:42]} 14. Rc1 {[%clk 1:09:08]}  Qe8 {[%clk 1:32:30]} 15. Qd1 {[%clk 0:51:29]}  Ng6 {[%clk 1:18:10]} 16. Ne2 {[%clk 0:37:35]}  f4 {[%clk 1:07:37]} 17. Nxf4 {[%clk 0:34:51]}  Nxf4 {[%clk 1:06:07]} 18. gxf4 {[%clk 0:34:44]}  Bg4 {[%clk 1:00:32]} 19. Be2 {[%clk 0:21:13]}  Ba5+ {[%clk 0:58:48]} 20. Nd2 {[%clk 0:20:08]}  Nxd2 {[%clk 0:56:41]} 21. Bxg4 {[%clk 0:17:32]}  Nb3+ {[%clk 0:55:58]} 22. Kf1 {[%clk 0:16:30]}  Nxc1 {[%clk 0:56:20]} 23. Qxc1 {[%clk 0:16:42]}  h5 {[%clk 0:52:35]} 24. Be2 {[%clk 0:16:05]}  Qe6 {[%clk 0:52:20]} 25. h3 {[%clk 0:15:37]}  Bb6 {[%clk 0:36:59]} 26. Qd2 {[%clk 0:10:09]}  Qe7 {[%clk 0:35:09]} 27. Qc2 {[%clk 0:06:18]}  Qf7 {[%clk 0:30:05]} 28. Rg1 {[%clk 0:04:27]}  Rac8 {[%clk 0:24:21]} 29. Rg5 {[%clk 0:05:51]}  g6 {[%clk 0:22:58]} 30. Rxg6 {[%clk 0:05:11]}  Qf5 {[%clk 0:21:48]} 31. Qxf5 {[%clk 0:05:21]}  Rxf5 {[%clk 0:22:14]} 32. Bd3 {[%clk 0:05:35]}  Rff8 {[%clk 0:22:21]} 33. Rh6+ {[%clk 0:04:57]}  Kg8 {[%clk 0:22:07]} 34. Bh7+ {[%clk 0:03:13]}  Kf7 {[%clk 0:20:43]} 35. Bf5 {[%clk 0:03:21]}  Rc7 {[%clk 0:20:15]} 36. Bg6+ {[%clk 0:02:22]}  Kg8 {[%clk 0:19:46]} 37. e6 {[%clk 0:01:52]}  Rg7 {[%clk 0:17:34]} 38. f5 {[%clk 0:02:07]}  Bd8 {[%clk 0:17:54]} 39. Bf4 {[%clk 0:01:14]}  Bf6 {[%clk 0:18:05]} 40. Be5 {[%clk 0:01:12]}  c5 {[%clk 0:14:25]} 41. Bf7+ {[%clk 0:26:26]} 1-0

[Event "Masters Tournament (MTO)"]
[Site "Biel, CH"]
[Date "2025.07.21"]
[Round "7"]
[White "Tureshbayev, Anuar"]
[Black "Lilliehook, Victor"]
[Result "0-1"]
[Board "29"]
[WhiteFideId "651081709"]
[BlackFideId "1752103"]
[WhiteElo "2163"]
[BlackElo "2074"]
[WhiteTeam "IRL"]
[BlackTeam "SWE"]
[WhiteClock "0:18:12"]
[BlackClock "0:03:09"]
[Variant "Standard"]

1. e4 {[%clk 1:40:59]}  c5 {[%clk 1:40:54]} 2. Nf3 {[%clk 1:41:26]}  Nc6 {[%clk 1:41:19]} 3. d4 {[%clk 1:41:52]}  cxd4 {[%clk 1:41:44]} 4. Nxd4 {[%clk 1:42:19]}  Nf6 {[%clk 1:42:05]} 5. Nc3 {[%clk 1:42:47]}  e5 {[%clk 1:42:24]} 6. Ndb5 {[%clk 1:43:15]}  d6 {[%clk 1:42:43]} 7. Nd5 {[%clk 1:43:42]}  Nxd5 {[%clk 1:42:56]} 8. exd5 {[%clk 1:44:09]}  Nb8 {[%clk 1:43:15]} 9. a4 {[%clk 1:44:35]}  Be7 {[%clk 1:43:03]} 10. Be2 {[%clk 1:44:59]}  O-O {[%clk 1:43:35]} 11. O-O {[%clk 1:45:25]}  Nd7 {[%clk 1:43:41]} 12. b4 {[%clk 1:44:39]}  f5 {[%clk 1:33:01]} 13. a5 {[%clk 1:46:14]}  f4 {[%clk 1:31:57]} 14. c4 {[%clk 1:46:23]}  e4 {[%clk 1:22:14]} 15. f3 {[%clk 1:46:43]}  exf3 {[%clk 1:16:19]} 16. Bxf3 {[%clk 1:44:18]}  Ne5 {[%clk 1:14:23]} 17. Be2 {[%clk 1:36:10]}  Bg5 {[%clk 1:08:52]} 18. c5 {[%clk 1:23:12]}  dxc5 {[%clk 0:57:04]} 19. bxc5 {[%clk 1:23:28]}  f3 {[%clk 0:44:47]} 20. Bxf3 {[%clk 1:17:27]}  Rxf3 {[%clk 0:41:53]} 21. Rxf3 {[%clk 1:16:44]}  Bxc1 {[%clk 0:37:19]} 22. Rxc1 {[%clk 1:09:59]}  Bg4 {[%clk 0:36:23]} 23. Kh1 {[%clk 0:44:24]}  Bxf3 {[%clk 0:25:11]} 24. gxf3 {[%clk 0:44:48]}  Qh4 {[%clk 0:24:24]} 25. Qe2 {[%clk 0:35:10]}  Qf4 {[%clk 0:17:19]} 26. Re1 {[%clk 0:34:07]}  Rf8 {[%clk 0:17:15]} 27. Qe4 {[%clk 0:28:59]}  Qf7 {[%clk 0:13:36]} 28. Nd6 {[%clk 0:21:54]}  Qh5 {[%clk 0:12:49]} 29. f4 {[%clk 0:19:01]}  Nf3 {[%clk 0:07:06]} 30. Re2 {[%clk 0:19:20]}  Nd4 {[%clk 0:04:58]} 31. Rd2 {[%clk 0:17:56]}  Nb3 {[%clk 0:01:17]} 32. Rg2 {[%clk 0:13:34]}  Nxc5 {[%clk 0:00:50]} 33. Qd4 {[%clk 0:13:12]}  Rf6 {[%clk 0:00:50]} 34. Nc4 {[%clk 0:08:27]}  Nd7 {[%clk 0:00:53]} 35. Qe4 {[%clk 0:08:11]}  Rxf4 {[%clk 0:00:38]} 36. Qe6+ {[%clk 0:06:34]}  Qf7 {[%clk 0:00:36]} 37. Nd6 {[%clk 0:06:48]}  Rf1+ {[%clk 0:00:39]} 38. Rg1 {[%clk 0:07:14]}  Rxg1+ {[%clk 0:00:35]} 39. Kxg1 {[%clk 0:07:40]}  Qxe6 {[%clk 0:01:00]} 40. dxe6 {[%clk 0:08:05]}  Nf6 {[%clk 0:00:35]} 41. e7 {[%clk 0:08:01]}  b5 {[%clk 0:11:00]} 42. Kf1 {[%clk 0:37:13]}  g5 {[%clk 0:10:11]} 43. e8=Q+ {[%clk 0:36:38]}  Nxe8 {[%clk 0:10:29]} 44. Nxe8 {[%clk 0:37:05]}  b4 {[%clk 0:09:20]} 45. Ke2 {[%clk 0:37:15]}  Kf7 {[%clk 0:08:26]} 46. Nc7 {[%clk 0:37:07]}  h5 {[%clk 0:05:31]} 47. Kd3 {[%clk 0:26:31]}  g4 {[%clk 0:05:01]} 48. Nd5 {[%clk 0:26:20]}  b3 {[%clk 0:00:33]} 49. Nf4 {[%clk 0:26:44]}  h4 {[%clk 0:00:56]} 50. Ng2 {[%clk 0:27:07]}  h3 {[%clk 0:00:38]} 51. Ne1 {[%clk 0:16:55]}  Kf6 {[%clk 0:00:56]} 52. a6 {[%clk 0:14:57]}  Kf5 {[%clk 0:00:52]} 53. Kc3 {[%clk 0:14:27]}  Ke4 {[%clk 0:00:39]} 54. Nd3 {[%clk 0:13:14]}  b2 {[%clk 0:00:43]} 55. Nxb2 {[%clk 0:13:20]}  g3 {[%clk 0:01:06]} 56. hxg3 {[%clk 0:13:08]}  h2 {[%clk 0:01:30]} 57. Nd3 {[%clk 0:13:33]}  Ke3 {[%clk 0:01:45]} 58. Nb4 {[%clk 0:13:35]}  h1=Q {[%clk 0:01:38]} 59. Kc4 {[%clk 0:14:00]}  Qh6 {[%clk 0:01:28]} 60. Kc5 {[%clk 0:14:13]}  Qb6+ {[%clk 0:01:27]} 61. Kc4 {[%clk 0:14:40]}  Ke4 {[%clk 0:01:49]} 62. g4 {[%clk 0:15:08]}  Qa5 {[%clk 0:01:44]} 63. Kb3 {[%clk 0:14:49]}  Qb5 {[%clk 0:01:57]} 64. Kc3 {[%clk 0:15:15]}  Kf4 {[%clk 0:02:17]} 65. Kb3 {[%clk 0:15:11]}  Kxg4 {[%clk 0:02:41]} 66. Kc3 {[%clk 0:15:38]}  Kf4 {[%clk 0:03:02]} 67. Nd3+ {[%clk 0:16:04]}  Ke4 {[%clk 0:03:03]} 68. Nb4 {[%clk 0:16:26]}  Qc5+ {[%clk 0:02:36]} 69. Kb3 {[%clk 0:16:52]}  Kd4 {[%clk 0:02:40]} 70. Nc2+ {[%clk 0:17:21]}  Kd3 {[%clk 0:02:42]} 71. Nb4 {[%clk 0:17:48]}  Kd2 {[%clk 0:03:04]} 72. Na2 {[%clk 0:18:12]}  Qd5+ {[%clk 0:03:09]} 0-1

[Event "Masters Tournament (MTO)"]
[Site "Biel, CH"]
[Date "2025.07.21"]
[Round "7"]
[White "Doraszelski, Alexander"]
[Black "Artan, Tamir"]
[Result "1-0"]
[Board "30"]
[WhiteFideId "12996149"]
[BlackFideId "1346865"]
[WhiteElo "2154"]
[BlackElo "2054"]
[WhiteTeam "GER"]
[BlackTeam "SUI"]
[WhiteClock "0:05:59"]
[BlackClock "0:19:46"]
[Variant "Standard"]

1. e4 {[%clk 1:40:57]}  e5 {[%clk 1:40:58]} 2. Nf3 {[%clk 1:41:18]}  Nc6 {[%clk 1:41:25]} 3. d4 {[%clk 1:41:41]}  exd4 {[%clk 1:41:51]} 4. Nxd4 {[%clk 1:42:04]}  Nf6 {[%clk 1:42:17]} 5. Nxc6 {[%clk 1:42:16]}  bxc6 {[%clk 1:42:42]} 6. e5 {[%clk 1:42:36]}  Qe7 {[%clk 1:43:10]} 7. Qe2 {[%clk 1:42:59]}  Nd5 {[%clk 1:43:38]} 8. c4 {[%clk 1:43:19]}  Nb6 {[%clk 1:44:06]} 9. Nc3 {[%clk 1:43:34]}  a5 {[%clk 1:44:21]} 10. f4 {[%clk 1:43:11]}  Ba6 {[%clk 1:44:14]} 11. Qf3 {[%clk 1:23:52]}  Qe6 {[%clk 1:26:25]} 12. b3 {[%clk 1:16:39]}  Bc5 {[%clk 1:25:52]} 13. Bd2 {[%clk 1:01:07]}  d5 {[%clk 1:17:58]} 14. cxd5 {[%clk 0:59:12]}  cxd5 {[%clk 1:17:46]} 15. Bxa6 {[%clk 0:57:44]}  Rxa6 {[%clk 1:16:53]} 16. Rc1 {[%clk 0:47:14]}  Qc6 {[%clk 1:08:57]} 17. Qd3 {[%clk 0:42:32]}  Ra8 {[%clk 1:05:47]} 18. Qb5 {[%clk 0:40:29]}  Kd7 {[%clk 1:06:12]} 19. Qd3 {[%clk 0:38:45]}  Bb4 {[%clk 1:05:03]} 20. O-O {[%clk 0:32:06]}  Qb7 {[%clk 0:53:39]} 21. Nb5 {[%clk 0:31:16]}  Rac8 {[%clk 0:46:09]} 22. Bxb4 {[%clk 0:30:18]}  axb4 {[%clk 0:46:34]} 23. Rc5 {[%clk 0:29:39]}  Ke7 {[%clk 0:42:29]} 24. f5 {[%clk 0:25:15]}  Nd7 {[%clk 0:41:17]} 25. Rxd5 {[%clk 0:21:35]}  c6 {[%clk 0:39:36]} 26. f6+ {[%clk 0:20:42]}  gxf6 {[%clk 0:39:59]} 27. exf6+ {[%clk 0:20:55]}  Kd8 {[%clk 0:40:16]} 28. Nd6 {[%clk 0:13:44]}  Qb6+ {[%clk 0:34:29]} 29. Rd4 {[%clk 0:18:05]}  Kc7 {[%clk 0:31:46]} 30. Nxc8 {[%clk 0:17:13]}  Kxc8 {[%clk 0:30:48]} 31. Kh1 {[%clk 0:17:55]}  Nc5 {[%clk 0:30:52]} 32. Qf3 {[%clk 0:14:40]}  Ne6 {[%clk 0:29:46]} 33. Rd6 {[%clk 0:13:48]}  Nd8 {[%clk 0:26:26]} 34. Qf5+ {[%clk 0:12:22]}  Kb8 {[%clk 0:26:18]} 35. Rfd1 {[%clk 0:09:48]}  Re8 {[%clk 0:25:34]} 36. Qd7 {[%clk 0:06:42]}  Rg8 {[%clk 0:25:39]} 37. Qe7 {[%clk 0:06:18]}  Nb7 {[%clk 0:25:53]} 38. Rd7 {[%clk 0:05:56]}  Qa6 {[%clk 0:25:23]} 39. Qxf7 {[%clk 0:05:18]}  Rc8 {[%clk 0:23:48]} 40. Qe7 {[%clk 0:00:02]}  c5 {[%clk 0:18:57]} 41. f7 {[%clk 0:05:26]}  Qe2 {[%clk 0:18:53]} 42. Rxb7+ {[%clk 0:05:44]}  Ka8 {[%clk 0:19:20]} 43. Ra7+ {[%clk 0:06:05]}  Kb8 {[%clk 0:19:46]} 44. Qb7# {[%clk 0:05:59]} 1-0